Súčasné tendencie vo vývoji stavebníctva SR Príloha Hospodárskych novín
Význam stavebníctva a jeho vývoj v súčasnosti v Slovenskej republike. Vývoj cien stavebných prác a stavebných materiálov. Vývoj objemu stavebnej výroby v tuzemsku a v zahraničí. Vývoj produktivity práce na pracovníka v SR. Vývoj priemernej dennej produkcie v odvetví stavebníctva v SR.
Guardado en:
| Formato: | Capítulo de libro |
|---|---|
| Lenguaje: | eslovaco |
| Materias: | |
| Etiquetas: |
Sin Etiquetas, Sea el primero en etiquetar este registro!
|
MARC
| LEADER | 00000naa a2200000 4500 | ||
|---|---|---|---|
| 001 | r023673 | ||
| 005 | 20230801105952.9 | ||
| 041 | 0 | |a slo | |
| 044 | |a SK | ||
| 245 | 1 | 0 | |a Súčasné tendencie vo vývoji stavebníctva SR |b Príloha Hospodárskych novín |
| 520 | |a Význam stavebníctva a jeho vývoj v súčasnosti v Slovenskej republike. Vývoj cien stavebných prác a stavebných materiálov. Vývoj objemu stavebnej výroby v tuzemsku a v zahraničí. Vývoj produktivity práce na pracovníka v SR. Vývoj priemernej dennej produkcie v odvetví stavebníctva v SR. | ||
| 610 | 2 | 0 | |a Slovensko |
| 610 | 2 | 0 | |a 1996 |
| 610 | 2 | 0 | |a stavebníctvo |
| 610 | 2 | 0 | |a práca stavebná |